| 000 | 00972nam a2200289 4500 | ||
|---|---|---|---|
| 001 | 14941 | ||
| 003 | UkOxU | ||
| 005 | 20211208235724.0 | ||
| 008 | 140208r20051965us a b 001 0 eng d | ||
| 020 | _a0074622447 | ||
| 035 | _aBD-RjUL)14995 | ||
| 040 |
_aBD-RjUL _beng _cBD-RjUL |
||
| 041 | _aeng | ||
| 082 | 0 | 4 |
_a621.3815 _bMIP 2005 |
| 100 | 1 |
_aMillman, Jacob, _d1911-1991. _942753 |
|
| 245 | 1 | 0 |
_aPulse, digital, and switching waveforms : _bdevices and circuits for their generation and processing / _cby Jacob Millman and Herbert Taub |
| 260 |
_aTokyo ; _aLondon : _bMcGraw-Hill Kogakusha, _c1965 [Reprinted 2005] |
||
| 300 |
_axiv, 958 p : _bill ; _c24 cm |
||
| 500 | _aInternational student edition | ||
| 504 | _aIncludes bibliographical references and index | ||
| 650 | 0 |
_aElectronic circuits _938587 |
|
| 650 | 0 |
_aSwitching circuits _939282 |
|
| 700 | 1 |
_aTaub, Herbert, _d1918- _941782 |
|
| 942 |
_2ddc _cBK _02 |
||
| 999 |
_c14941 _d14941 |
||